Microflora associated with phylloplane, cauloplane and rhizosphere of two popular rubber clones at two locations in India (Record no. 51659)

MARC details
000 -LEADER
fixed length control field 00518nam a2200181Ia 4500
100 ## - MAIN ENTRY--AUTHOR NAME
Personal name Mathew T.
245 #0 - TITLE STATEMENT
Title Microflora associated with phylloplane, cauloplane and rhizosphere of two popular rubber clones at two locations in India
260 ## - PUBLICATION, DISTRIBUTION, ETC. (IMPRINT)
Name of publisher Natural Rubber Research
Year of publication 2004
300 ## - PHYSICAL DESCRIPTION
Number of Pages 47-52
650 ## - SUBJECT ADDED ENTRY--TOPICAL TERM
Topical Term Cauloplane
650 ## - SUBJECT ADDED ENTRY--TOPICAL TERM
Topical Term Clone
650 ## - SUBJECT ADDED ENTRY--TOPICAL TERM
Topical Term Microflora
650 ## - SUBJECT ADDED ENTRY--TOPICAL TERM
Topical Term Phylloplane
650 ## - SUBJECT ADDED ENTRY--TOPICAL TERM
Topical Term Rhizosphere
700 ## - ADDED ENTRY--PERSONAL NAME
Personal name Jacob C.K.
942 ## - ADDED ENTRY ELEMENTS (KOHA)
Koha item type Bibliography STAF
Holdings
Withdrawn status Lost status Damaged status Not for loan Home library Current library Date acquired Serial Enumeration / chronology Koha item type
      Bibliography RRII Library RRII Library 09/04/2014 Volume 17, Issue 1 Bibliography STAF